Movies Quiz

Random Movies or Word Play Quiz

The Sporcle Movie Classifieds Quiz Stats

 Plays Quiz Updated Oct 30, 2018

Score 0/18 Timer 08:00
3 Plays Today
Hint Movie % Correct
BirthsThe Lion King
98.3%
EmploymentMary Poppins
87.7%
Lost and FoundFinding Nemo
82.8%
Articles For SaleToy Story
81.5%
EmploymentThe Social Network
77.3%
Lost and FoundThe Lord Of The Rings Trilogy
73.7%
Lost and FoundElf
67.3%
DeathsI Am Legend
62%
DeathsThe Shining
57.9%
Hint Movie % Correct
PersonalsStar Wars
57.8%
PersonalsBeauty And The Beast
53%
Articles For SaleFargo
44.8%
Articles For SaleTurner & Hooch
40.8%
EmploymentAliens
39.3%
DeathsSe7en
37.9%
BirthsChildren Of Men
25.2%
PersonalsDesperately Seeking Susan
22%
BirthsJunior
17.6%

You're not logged in!

Compare scores with friends on all Sporcle quizzes.
OR
Log In

You Might Also Like...

Show Comments

Extras

Top Quizzes Today


Score Distribution

Your Account Isn't Verified!

In order to create a playlist on Sporcle, you need to verify the email address you used during registration. Go to your Sporcle Settings to finish the process.

Report this User

Report this user for behavior that violates our Community Guidelines.

Details: